Δυνάμει φίλες, δυνάμει ερωμένες : συναντήσεις γυναικών στην Ερεσό Λέσβου, 1994-1995
Αποθηκεύτηκε σε:
| Κύριος συγγραφέας: | |
|---|---|
| Μορφή: | Βιβλίο |
| Γλώσσα: | Greek |
| Δημοσίευση: |
Αθήνα :
Πολύχρωμος Πλανήτης,
2010.
|
| Θέματα: | |
| Ετικέτες: |
Προσθήκη ετικέτας
Δεν υπάρχουν, Καταχωρήστε ετικέτα πρώτοι!
|
MARC
| LEADER | 00000cam a2200000 i 4500 | ||
|---|---|---|---|
| 001 | 1/13451 | ||
| 008 | 110603s2010 gr | ||| |||| ||gre d | ||
| 020 | |a 9789609423038 | ||
| 035 | |l 10110204 | ||
| 040 | |a GR-MY-UA |b gre |e aacr | ||
| 041 | 0 | |a gre | |
| 082 | 0 | |a 306.7663 |2 (22) | |
| 100 | 1 | |a Καντσά, Βενετία. | |
| 245 | 1 | 0 | |a Δυνάμει φίλες, δυνάμει ερωμένες : |b συναντήσεις γυναικών στην Ερεσό Λέσβου, 1994-1995 / |c Βενετία Καντσά. |
| 260 | |a Αθήνα : |b Πολύχρωμος Πλανήτης, |c 2010. | ||
| 300 | |a 150 σ. ; |c 21 εκ. | ||
| 504 | |a Βιβλιογραφία: σ. 139-150. | ||
| 650 | 0 | 0 | |a Lesbians |x Identity. |
| 650 | 0 | 0 | |a Lesbians |z Greece |x Sexual behavior. |
| 650 | 0 | 0 | |a Homosexuality |x Social aspects. |
| 650 | 0 | |a Female friendship |z Greece |z Eresos. | |
| 852 | |a INST |b LESVOS |e 20110603 |h 306.7663 ΚΑΝ |p 005100048956 |q 005100048956 |t BK |y 12 | ||
| 852 | |a INST |b LESVOS |e 20221212 |h 306.7663 ΚΑΝ |p 005100064073 |q 005100064073 |t BK |y 0 | ||
| 852 | |a INST |b LESVOS |e 20231011 |h 306.7663 ΚΑΝ |p 005100065194 |q 005100065194 |t BK |y 0 | ||
| 901 | |a BIBL1-2011-2 | ||
| 970 | |a ΤΖΑΦΕΡΗ |b ΕΥΑΓΓΕΛΙΑ |z 2011/06/3 | ||